000 00316nam a2200133Ia 4500
008 190216s9999||||xx |||||||||||||| ||und||
100 _aEric Nagler
245 0 _aLearning C++ A Hands On Approach
250 _a1st Ed.
260 _bJaico Publishing House
_c1998
300 _a658
650 _aComputer
942 _cBK
999 _c8628
_d8628